Foreign exchange and trade practices in Japan
Spremljeno u:
| Format: | Knjiga |
|---|---|
| Jezik: | Undetermined |
| Izdano: |
Tokyo
Bank of Tokyo
1972
|
| Teme: | |
| Oznake: |
Dodaj oznaku
Bez oznaka, Budi prvi tko označuje ovaj zapis!
|
| Thư viện lưu trữ: | Trung tâm Học liệu Trường Đại học Cần Thơ |
|---|
| LEADER | 00418nam a2200157Ia 4500 | ||
|---|---|---|---|
| 001 | CTU_79362 | ||
| 008 | 210402s9999 xx 000 0 und d | ||
| 082 | |a 332.45 | ||
| 082 | |b F714 | ||
| 245 | 0 | |a Foreign exchange and trade practices in Japan | |
| 260 | |a Tokyo | ||
| 260 | |b Bank of Tokyo | ||
| 260 | |c 1972 | ||
| 650 | |a Foreign exchange | ||
| 650 | |z Japan | ||
| 980 | |a Trung tâm Học liệu Trường Đại học Cần Thơ | ||